Les départements de France avec le plus de communes peuplées - Statistiques

Statistiques générales
  • Ce quiz a été pris 290 fois
  • Le résultat moyen est 37 sur 45
Statistiques - réponses
Nombre Département % Correct
10 Nord
96%
3 Loire
95%
25 Seine Saint Denis
95%
8 Métropole de Lyon
94%
6 Gironde
93%
5 Pas-de-Calais
93%
12 Yvelines
93%
6 Alpes-Maritimes
91%
3 Bas-Rhin
91%
20 Hauts-de-Seine
91%
7 Var
91%
2 Haut-Rhin
90%
3 Hérault
90%
2 Finistère
89%
5 Seine-et-Marne
89%
16 Val de Marne
89%
7 Val d'Oise
89%
10 Bouches-du-Rhône
88%
9 Essonne
87%
2 Ille-et-Vilaine
87%
4 Loire-Atlantique
87%
3 Oise
86%
2 Seine-Maritime
86%
3 Haute-Garonne
85%
3 Isère
85%
2 Gard
83%
2 Morbihan
82%
3 Pyrénées-Atlantiques
82%
2 Marne
81%
2 Moselle
81%
3 Haute-Savoie
78%
2 Martinique
77%
2 Guadeloupe
76%
2 Meurthe-et-Moselle
76%
2 Indre et Loire
75%
2 Aude
74%
3 Drôme
74%
11 Réunion
73%
2 Maine-et-Loire
71%
2 Tarn
71%
2 Eure-et-Loir
69%
3 Guyane
69%
2 Vendée
69%
2 Vienne
67%
2 Mayotte
66%
Aucun quiz correspondant
Distribution des résultats
% des personnes avec chaque résultat
Percentile par nombre de réponses
Votre historique - résultats
Vous n’avez pas pris ce quiz